000 00518nam a2200181Ia 4500
008 231217s9999 xx 000 0 und d
020 _a8178810859
041 _aEnglish
082 _a368.012 SEE.1;1 R
100 _aSeethapathi, K ed. Rao, Ramakrishna T S ed. Jawaharlal, U ed.
245 0 _aInsurance underwriting V.1 : a managerial perspective
250 _a1st ed.
260 _c2002
_bICFAI Press
_aHyderabad
300 _avi, 191
500 _aContent page available
650 _aICFAI
942 _cAA
999 _c181547
_d181547